<?xml version="1.0" encoding="UTF-8"?><?xml-stylesheet type="text/xsl" href="static/style.xsl"?><OAI-PMH xmlns="http://www.openarchives.org/OAI/2.0/" xmlns:xsi="http://www.w3.org/2001/XMLSchema-instance" xsi:schemaLocation="http://www.openarchives.org/OAI/2.0/ http://www.openarchives.org/OAI/2.0/OAI-PMH.xsd"><responseDate>2026-05-17T00:18:34Z</responseDate><request verb="GetRecord" identifier="oai:repisalud.isciii.es:20.500.12105/26821" metadataPrefix="marc">https://repisalud.isciii.es/rest/oai/request</request><GetRecord><record><header><identifier>oai:repisalud.isciii.es:20.500.12105/26821</identifier><datestamp>2025-12-18T13:01:54Z</datestamp><setSpec>com_20.500.12105_19604</setSpec><setSpec>com_20.500.12105_2051</setSpec><setSpec>col_20.500.12105_19605</setSpec></header><metadata><record xmlns="http://www.loc.gov/MARC21/slim" xmlns:dcterms="http://purl.org/dc/terms/" xmlns:doc="http://www.lyncode.com/xoai" xmlns:xsi="http://www.w3.org/2001/XMLSchema-instance" xsi:schemaLocation="http://www.loc.gov/MARC21/slim http://www.loc.gov/standards/marcxml/schema/MARC21slim.xsd">
   <leader>00925njm 22002777a 4500</leader>
   <datafield ind2=" " ind1=" " tag="042">
      <subfield code="a">dc</subfield>
   </datafield>
   <datafield ind2=" " ind1=" " tag="720">
      <subfield code="a">Soto-Navarrete, María Teresa</subfield>
      <subfield code="e">author</subfield>
   </datafield>
   <datafield ind2=" " ind1=" " tag="720">
      <subfield code="a">Pozo-Vilumbrales, Bárbara</subfield>
      <subfield code="e">author</subfield>
   </datafield>
   <datafield ind2=" " ind1=" " tag="720">
      <subfield code="a">López-Unzu, Miguel Á</subfield>
      <subfield code="e">author</subfield>
   </datafield>
   <datafield ind2=" " ind1=" " tag="720">
      <subfield code="a">Martín-Chaves, Laura</subfield>
      <subfield code="e">author</subfield>
   </datafield>
   <datafield ind2=" " ind1=" " tag="720">
      <subfield code="a">Durán, Ana C</subfield>
      <subfield code="e">author</subfield>
   </datafield>
   <datafield ind2=" " ind1=" " tag="720">
      <subfield code="a">Fernández, Borja</subfield>
      <subfield code="e">author</subfield>
   </datafield>
   <datafield ind2=" " ind1=" " tag="260">
      <subfield code="c">2025-03-12</subfield>
   </datafield>
   <datafield ind2=" " ind1=" " tag="520">
      <subfield code="a">Right-left bicuspid aortic valve (R-L BAV) is the most frequent phenotype of the most common congenital heart disease. Its etiology is based on two associated morphogenetic defects during cardiac outflow tract (OFT) septation: abnormal migration of cardiac neural crest (CNC) cells, and excessive fusion of the conal ridges (CRs). The aim of this study is to elucidate the mechanism involved in the fusion of the CRs responsible for normal and abnormal OFT septation and BAV formation. Two mechanisms have been proposed: endocardial apoptosis and endocardial-mesenchymal transition (EMT). The involvement of these mechanisms in the fusion event was tested in embryos of the hamster model with BAV. Apoptotic cells were absent in the fusion area of the CRs. However, we detected endocardial cells (CD34;VE-Cadherin) showing positive signals for migration markers (α-actin) in the fusion area of the CRs of embryos developing both normal aortic valve and BAV. These cells showed an intermediate morphological phenotype between endocardial and mesenchymal cells. The findings clearly indicate that EMT, and not apoptosis, is the cellular mechanism underlying the normal and excessive fusion of CRs that give rise to tricuspid aortic valve and BAV, respectively. Furthermore, our results show that the fusion of CRs in embryos developing BAV continues after the OFT septation, suggesting over-induction of EMT by abnormally distributed CNC cells.</subfield>
   </datafield>
   <datafield ind1="8" ind2=" " tag="024">
      <subfield code="a">Sci Rep. 2025 Mar 12;15(1):8583.</subfield>
   </datafield>
   <datafield ind1="8" ind2=" " tag="024">
      <subfield code="a">Scientific Reports</subfield>
   </datafield>
   <datafield ind1="8" ind2=" " tag="024">
      <subfield code="a">40074779</subfield>
   </datafield>
   <datafield ind1="8" ind2=" " tag="024">
      <subfield code="a">https://hdl.handle.net/20.500.12105/26821</subfield>
   </datafield>
   <datafield tag="653" ind2=" " ind1=" ">
      <subfield code="a">Bicuspid aortic valve</subfield>
   </datafield>
   <datafield tag="653" ind2=" " ind1=" ">
      <subfield code="a">Cardiac outflow tract</subfield>
   </datafield>
   <datafield tag="653" ind2=" " ind1=" ">
      <subfield code="a">Endocardial cushion fusion</subfield>
   </datafield>
   <datafield tag="653" ind2=" " ind1=" ">
      <subfield code="a">Endocardial-mesenchymal transition</subfield>
   </datafield>
   <datafield tag="653" ind2=" " ind1=" ">
      <subfield code="a">Hamster embryo</subfield>
   </datafield>
   <datafield ind2="0" ind1="0" tag="245">
      <subfield code="a">Endocardial-to-mesenchymal transition underlies cardiac outflow tract septation and bicuspid aortic valve formation in the Syrian hamster model.</subfield>
   </datafield>
</record></metadata></record></GetRecord></OAI-PMH>